Crear y sentir lo nuestro: folclor, identidad regional y nacional en el Cuzco, siglo XX

Uloženo v:
Podrobná bibliografie
Hlavní autor: Mendoza, Zoila (autora)
Médium: Kniha
Jazyk:španělština
Vydáno: Lima Pontificia Universidad Católica del Perú 2006
Vydání:1a. ed
Témata:
Tagy: Přidat tag
Žádné tagy, Buďte první, kdo vytvoří štítek k tomuto záznamu!

MARC

LEADER 00000nam a2200000 a 4500
001 UCG2600
003 CL-VaPUC
008 100715e20060000PE |||||||||||||||||spa|d
020 |a 9972427706 
082 0 4 |a 985.37  |b MEN  |2 21 
100 |a Mendoza, Zoila  |e autora  |9 551079 
245 1 0 |a Crear y sentir lo nuestro: folclor, identidad regional y nacional en el Cuzco, siglo XX 
250 |a 1a. ed 
300 |a 232 p 
942 |c BK 
945 |d 20100715 00:00:00  |a mfarfan 
260 |a Lima  |b Pontificia Universidad Católica del Perú  |c 2006 
650 0 |a Identidad   |9 336178 
650 7 |a FOLCKLORE  |2 CL-VaPUC  |9 370098 
650 0 |a Identidad nacional  |9 319130 
650 0 |a Identidad cultural  |9 319131 
651 7 |a CUZCO  |2 CL-VaPUC  |9 265268 
583 |a last modification  |c 20100715 00:00:00  |k Rodrigo Vera 
999 |c 341730  |d 341728 
952 |0 0  |1 0  |4 0  |6 985_370000000000000_MEN_2006  |7 0  |8 X  |9 437422  |a FDOMLP  |b FDOMLP  |d 2019-11-22  |i 4686810  |o 985.37 MEN 2006  |p 4686810  |r 2019-11-22  |w 2019-11-22  |y BK_X  |k BU2